Statistics for Lyrics of Eurovision winners

Click here to take the quiz!

General Stats

  • This quiz has been taken 22 times
  • The average score is 4 of 12

Answer Stats

HinAnswer% Correct
Years ago, when I was younger, I kinda liked a girl I knew.Fairytale
80%
Ree, ouch, hey, hm, la (x4)
He's a bucka-mhm-buck-mhm-buckbuck-buck-mhm boy
Toy
80%
When strangers are coming, they come to your house. They kill you all.1944
65%
Showing no emotion, my feelings locked inside
I made myself an island, trying to take my heart and hide
In Your Eyes
25%
We, the lovers – they want to separate us. They would like to prevent us from being happy.Nous, les amoureux
25%
We all have a bench, a tree, a street where we cherished our dreamsUn banc, un arbre, une rue
25%
If one day someone asks about me, tell them I lived to love you. Before you, I only existed, tired and with nothing to giveAmar pelos dois
20%
You, who look for the star; you, who are living a dream; you, heroes of space, with hearts bigger than the EarthNe partez pas sans moi
20%
He played for whole days on his piano. He played classical music with sheet music. He played like a real pianist – Mozart, Chopin, Liszt.Rock me
20%
I wanted your heart to be a cupboard with a little door, and that I could look into the little interiorEen beetje
10%
Like a flower at the beginning of winter, and similarly like a fire in an icy wind; like a doll that no-one wants any more, that's how I feel some daysEin Bißchen Frieden
10%
I'd like to go away, but it's easier to say that you know all the tricks that make... that make me stayI wanna
5%

Score Distribution

Percentile by Number Answered

Percent of People with Each Score

Your Score History

You have not taken this quiz